| 000 | 00998cad a22002175a 4500 | ||
|---|---|---|---|
| 001 | L152607 | ||
| 008 | 110401s20110311xxk f 000 0 eng d | ||
| 035 | _a(Sirsi) u152607 | ||
| 041 | 0 | _aeng | |
| 050 | 0 | 4 | _a306.1 $2 18 |
| 100 | 1 | _aDonnell, Richard | |
| 245 | 0 | 0 |
_aLondon first region to register price rise for 8 months _btime on market suggest pricing across most regions to remain weak _h[electronic resource] |
| 260 | _c2011 | ||
| 490 | 0 |
_aHometrack Monthly National Housing Survey _v31 March 2011 |
|
| 520 | _aDespite increased demand and rising sale volumes, average prices fell by 0.1%. Supply of new housing coming onto the market continues to grow on back of improved levels of market activity. | ||
| 590 | _aKA | ||
| 651 | 4 |
_aUnited Kingdom _y |
|
| 690 | _aPROPERTY-RESIDENTIAL PROPERTY-RESIDENTIAL PROPERTY MARKET | ||
| 856 | 4 | 0 |
_uhttps://hometrack.co.uk/commentary-and-analysis/house-price-survey/20110331.cfm _zView this item free of charge at www.hometrack.co.uk |
| 942 | _n0 | ||
| 999 |
_c112135 _d112135 |
||